Представление документа в формате MARC21

Поле Инд. ПП Название Значение
Тип записи a
Библиографический уровень m
001 Контрольный номер 1577e0f7-ba72-4d22-af3d-03142d32f98f
005 Дата корректировки 20140226210237.1
008 Кодируемые данные 000731 d
020 a ISBN 5-88464-012-9
c Цена, тираж 22.00
040 a Служба первич. каталог. НБ ТвГУ
041 a Код языка текста rus
080 a Индекс УДК 519.852
084 a Индекс другой классификации/Индекс ББК В183.41
090 c Каталожный индекс В183.41
x Авторский знак Е70
a Полочн. индекс В183.4
100 1_ a Автор Еремин Иван Иванович
245 0_ a Заглавие Теория линейной оптимизации
c Ответственность [Отв. ред. Л.Д. Попов]; Рос. Акад. наук. Урал. отд-ние. Ин-т математики и механики
c Ответственность Ин-т математики и механики УрО РАН
260 0_ a Место издания Екатеринбург
b Издательство Екатеринбург
c Дата издания 1999
300 a Объем 312 с.
b Иллюстрации/ тип воспроизводства ил.
440 a Серия Экон.-мат. лит.
504 a Библиография Библиогр.: с.303-312.
583 a Действие Получение впервые 486 17.09.99
k Исполнитель действия Дар РГГУ
650 a Основная рубрика Линейное программирование
650 a Основная рубрика Программирование математическое
650 a Основная рубрика Операций исследование
653 a Ключевые слова Оптимизация
a Ключевые слова Линейная оптимизация
a Ключевые слова Теория линейной оптимизации
a Ключевые слова Линейное программирование
a Ключевые слова Математическое программирование
700 1_ a Другие авторы Попов Л.Д.
e Роль лиц отв. ред.
852 t Порядковый номер экземпляра 1
p Инвентарный номер 714232
888 a Бесплатные
952 p 486.99 22.00 1 714232
c Вид литературы К рн
954 a Дата поступления на обработку 19991018
999 a Подразделение 2 Фил3